| 000 | 00601 a2200169 4500 | ||
|---|---|---|---|
| 001 | 002335 | ||
| 003 | OSt | ||
| 005 | 20220113164819.0 | ||
| 008 | |||
| 082 |
_a005.8 _bV46C |
||
| 100 | 1 | _aVaudenay, Serge | |
| 245 | 1 |
_aA classical introduction to cryptography _cby Serge Vaudenay |
|
| 260 |
_aNew York _bSpringer _c2009 |
||
| 300 | _a335p. | ||
| 653 | _aComputer security; Cryptography; Coding theory; Computer network architectures; Data encryption (Computer science); Data structures (Computer science); Data transmission systems; Computer science | ||
| 942 |
_2ddc _cBK |
||
| 999 |
_c74 _d74 |
||